Emerging markets bolster prime rental index[helectronic resource] (Record no. 114724)

MARC details
000 -LEADER
fixed length control field 00949cad a22002175a 4500
001 - CONTROL NUMBER
control field L157330
008 - FIXED-LENGTH DATA ELEMENTS--GENERAL INFORMATION
fixed length control field 121019s2012 xxk f 000 0 eng d
035 ## - SYSTEM CONTROL NUMBER
System control number (Sirsi) u157330
041 0# - LANGUAGE CODE
Language code of text/sound track or separate title eng
110 2# - MAIN ENTRY--CORPORATE NAME
Corporate name or jurisdiction name as entry element Knight Frank
9 (RLIN) 1530
245 00 - TITLE STATEMENT
Title Emerging markets bolster prime rental index[helectronic resource]
260 ## - PUBLICATION, DISTRIBUTION, ETC.
Date of publication, distribution, etc. 2012
490 #0 - SERIES STATEMENT
Series statement Knight Frank Prime Global Rental Index
Volume/sequential designation 2Qr 2012
520 ## - SUMMARY, ETC.
Summary, etc. Prime rents in key cities worldwide rose by 1% in 2Q 2012 and 2.4% year on year. Rental growth is strongest in the emerging markets whilst the European markets are showing signs of fragility. Ranks top 16 global locations for rental growth.
590 ## - LOCAL NOTE (RLIN)
Local note KA NTK
651 #4 - SUBJECT ADDED ENTRY--GEOGRAPHIC NAME
Geographic name International
690 ## - LOCAL SUBJECT ADDED ENTRY--TOPICAL TERM (OCLC, RLIN)
Topical term or geographic name as entry element Residential property
9 (RLIN) 6266
690 ## - LOCAL SUBJECT ADDED ENTRY--TOPICAL TERM (OCLC, RLIN)
Topical term or geographic name as entry element Commercial property
9 (RLIN) 6227
856 40 - ELECTRONIC LOCATION AND ACCESS
Uniform Resource Identifier <a href="https://my.knightfrank.com/research-reports/prime-global-rental-index.aspx">https://my.knightfrank.com/research-reports/prime-global-rental-index.aspx</a>
Public note View the item free of charge from the www.knightfrank.com
942 ## - ADDED ENTRY ELEMENTS (KOHA)
Suppress in OPAC 0
Holdings
Withdrawn status Lost status Source of classification or shelving scheme Damaged status Not for loan Home library Current library Shelving location Date acquired Total Checkouts Full call number Barcode Date last seen Copy number Price effective from Koha item type
    Dewey Decimal Classification     Virtual Virtual Online 19/10/2012   ONLINE PUBLICATION 157330-2001 06/08/2019 1 06/08/2019 Book